[Event "AUTO-ADV-1929"]
[Site "http://www.queenalice.com/game.php?id=885748"]
[Date "2011.1.13"]
[Round "2"]
[White "Barbudo"]
[Black "carbec"]
[Result "0-1"]
[WhiteElo "1760"]
[BlackElo "2221"]

1. e4 c5 2. Nf3 e6 3. Bc4 Nc6 4. O-O Nf6 5. Nc3 Nxe4 6. Nxe4 d5 7. Bd3 c4 8. Ng3
cxd3 9. cxd3 Bd6 10. Ne2 O-O 11. b3 e5 12. Bb2 Bg4 13. Nc3 e4 14. dxe4 Nd4 15.
Nxd5 Bxf3 16. gxf3 Qg5+ 17. Kh1 Qe5 18. f4 Qxe4+ 19. Kg1 Ne2+ 0-1

[Event "AUTO-OPEN-2036"]
[Site "http://www.queenalice.com/game.php?id=886681"]
[Date "2011.1.15"]
[Round "3"]
[White "jartuga99"]
[Black "carbec"]
[Result "0-1"]
[WhiteElo "1984"]
[BlackElo "2223"]

1. e4 c5 2. Bc4 e6 3. a4 d5 4. exd5 exd5 5. Bb5+ Nc6 6. Nf3 Nf6 7. O-O Bd6 8. h3
O-O 9. c3 Bf5 10. d3 Na5 11. Nh4 Be6 12. c4 a6 13. cxd5 Nxd5 14. b4 Qxh4 15.
bxa5 axb5 16. axb5 Bxh3 17. Qf3 Bh2+ 18. Kxh2 Bg4+ 19. Qh3 Bxh3 20. gxh3 Nf4 21.
Bxf4 Qxf4+ 22. Kg2 Qg5+ 23. Kh2 Qe5+ 24. Kg2 Qxa1 0-1

[Event "AUTO-OPEN-2036"]
[Site "http://www.queenalice.com/game.php?id=886682"]
[Date "2011.1.15"]
[Round "3"]
[White "carbec"]
[Black "jartuga99"]
[Result "1-0"]
[WhiteElo "2239"]
[BlackElo "1944"]

1. e4 c5 2. Nf3 Nc6 3. d4 cxd4 4. Nxd4 d6 5. Nc3 a6 6. Bc4 Nf6 7. Nxc6 bxc6 8.
e5 Nd7 9. e6 fxe6 10. Bxe6 Nf6 11. Bxc8 Qxc8 12. O-O e5 13. Bg5 Qe6 14. f4 Ng4
15. Qf3 e4 16. Nxe4 d5 17. Rae1 Kf7 18. f5 Qd7 19. Qxg4 dxe4 20. Rd1 Qa7+ 21.
Kh1 Be7 22. f6 gxf6 23. Bxf6 1-0

[Event "AUTO-INT-1801"]
[Site "http://www.queenalice.com/game.php?id=902015"]
[Date "2011.2.17"]
[Round "3"]
[White "glauco_marcal"]
[Black "carbec"]
[Result "0-1"]
[WhiteElo "1534"]
[BlackElo "2340"]

1. e4 c5 2. Nc3 Nc6 3. Qf3 Nf6 4. Bc4 e6 5. d3 d5 6. exd5 Nd4 7. Qd1 exd5 8. Bb3
Bd6 9. Ba4+ Nd7 10. Nxd5 b5 11. Bb3 O-O 12. Qg4 Nb6 13. Qe4 Re8 14. Ne7+ Rxe7
15. Qe3 Bf4 16. Qe4 Rxe4+ 17. dxe4 Bxc1 18. Rxc1 Qg5 19. Rd1 Qxg2 20. Kd2 Qxh1
21. c3 Nxb3+ 22. axb3 Bg4 23. f3 Rd8+ 24. Ke2 Qg2+ 25. Ke3 Rxd1 26. fxg4 Re1+
27. Kf4 Rxe4+ 28. Kf5 Qxg4# 0-1

[Event "AUTO-INT-1801"]
[Site "http://www.queenalice.com/game.php?id=902016"]
[Date "2011.2.17"]
[Round "3"]
[White "carbec"]
[Black "glauco_marcal"]
[Result "1-0"]
[WhiteElo "2282"]
[BlackElo "1536"]

1. e4 c6 2. d4 Nf6 3. e5 Ne4 4. f3 Ng5 5. Bxg5 h6 6. Be3 e6 7. Bd3 Bb4+ 8. c3
Be7 9. Nd2 Na6 10. Ne2 Bh4+ 11. Ng3 Bg5 12. f4 Bh4 13. Qg4 g5 14. Nc4 Qc7 15.
Nd6+ Kf8 16. Qh5 Qb6 17. Qxf7# 1-0

[Event "AUTO-MASTER-1266"]
[Site "http://www.queenalice.com/game.php?id=909823"]
[Date "2011.3.7"]
[Round "2"]
[White "alainbouley"]
[Black "carbec"]
[Result "0-1"]
[WhiteElo "2134"]
[BlackElo "2299"]

1. d4 Nf6 2. c4 e6 3. Nc3 Bb4 4. e3 O-O 5. Nf3 d5 6. Bd3 c5 7. O-O Nc6 8. a3
Bxc3 9. bxc3 Qc7 10. cxd5 exd5 11. h3 Re8 12. Qc2 c4 13. Bf5 b5 14. Bd2 Bxf5 15.
Qxf5 Na5 16. Rab1 Nb3 17. Rfd1 Qa5 18. Be1 Qxa3 19. Ne5 Qd6 20. f4 a5 21. g4 Qe6
22. Qg5 Ne4 23. Qh4 f6 24. f5 Qd6 25. Nf3 Nxc3 26. Bxc3 Rxe3 27. Be1 Rxf3 28.
Kg2 Qf4 29. Bg3 Qe4 30. Kh2 Nxd4 31. Qh5 Qe2+ 0-1

[Event "AUTO-MASTER-1266"]
[Site "http://www.queenalice.com/game.php?id=909824"]
[Date "2011.3.7"]
[Round "2"]
[White "carbec"]
[Black "alainbouley"]
[Result "1-0"]
[WhiteElo "2318"]
[BlackElo "2129"]

1. e4 e5 2. Nf3 Nf6 3. d4 Nxe4 4. Bd3 d5 5. Nxe5 Nd7 6. Nxd7 Bxd7 7. O-O Bd6 8.
c4 c6 9. cxd5 cxd5 10. Nc3 Nxc3 11. bxc3 O-O 12. Qh5 g6 13. Qxd5 Bc6 14. Qg5 Qc7
15. Qh4 b5 16. Bh6 Be7 17. Qf4 Qxf4 18. Bxf4 Kg7 19. Rfe1 Rfe8 20. d5 Bd7 21.
Rab1 a6 22. c4 Bf6 23. c5 Bc3 24. Rxe8 Rxe8 25. c6 Bc8 26. d6 Rd8 27. d7 Bxd7
28. Bc7 Bxc6 29. Bxd8 Bd5 30. a3 Bb7 31. a4 b4 32. Ba5 h5 33. Bxb4 Bxb4 34. Rxb4
Bd5 35. Bxa6 1-0

[Event "AUTO-MASTER-1266"]
[Site "http://www.queenalice.com/game.php?id=909827"]
[Date "2011.3.7"]
[Round "2"]
[White "carbec"]
[Black "fabianno"]
[Result "1-0"]
[WhiteElo "2273"]
[BlackElo "2171"]

1. e4 c5 2. Nf3 d6 3. d4 cxd4 4. Nxd4 Nf6 5. Nc3 Nc6 6. Bg5 Ng4 7. Bb5 Bd7 8.
O-O g6 9. h3 Bg7 10. Bxc6 bxc6 11. hxg4 Qb6 12. Nb3 a5 13. Be3 Qb7 14. Bd4 e5
15. Be3 a4 16. Qxd6 axb3 17. axb3 Rd8 18. Ra7 Qb8 19. Rc7 1-0

[Event "AUTO-MASTER-1266"]
[Site "http://www.queenalice.com/game.php?id=909828"]
[Date "2011.3.7"]
[Round "2"]
[White "fabianno"]
[Black "carbec"]
[Result "0-1"]
[WhiteElo "2159"]
[BlackElo "2291"]

1. Nf3 Nf6 2. c4 e6 3. Nc3 c5 4. d3 d5 5. cxd5 exd5 6. Bg5 Be7 7. g3 Nc6 8. Bg2
O-O 9. O-O d4 10. Bxf6 Bxf6 11. Ne4 Be7 12. Rc1 b6 13. a3 Bb7 14. h4 Rb8 15.
Nfg5 Ne5 16. Qd2 h6 17. Nf3 Nxf3+ 18. exf3 f5 19. Qe2 fxe4 20. fxe4 b5 21. f4 c4
22. dxc4 d3 23. Qd2 Qd4+ 24. Kh2 bxc4 0-1

[Event "AUTO-OPEN-2038"]
[Site "http://www.queenalice.com/game.php?id=919943"]
[Date "2011.3.31"]
[Round "3"]
[White "sandromm"]
[Black "carbec"]
[Result "0-1"]
[WhiteElo "1733"]
[BlackElo "2324"]

1. e4 c5 2. Nf3 d6 3. d4 cxd4 4. Nxd4 Nf6 5. Nc3 Nc6 6. Bc4 Qb6 7. Nxc6 bxc6 8.
Be3 Qxb2 9. Bd2 Qb6 10. Rb1 Qc5 11. Bd3 g6 12. Ne2 Bg7 13. Be3 Qa5+ 14. Kf1 O-O
15. Bc4 Nxe4 16. Bd2 Nxd2+ 17. Kg1 Nxc4 18. g3 Nd2 19. Ra1 Bxa1 20. Qxa1 Bh3 21.
Nf4 Nf3# 0-1

[Event "AUTO-OPEN-2038"]
[Site "http://www.queenalice.com/game.php?id=919944"]
[Date "2011.3.31"]
[Round "3"]
[White "carbec"]
[Black "sandromm"]
[Result "1-0"]
[WhiteElo "2306"]
[BlackElo "1754"]

1. e4 c5 2. Nf3 d6 3. d4 cxd4 4. Nxd4 Nf6 5. Nc3 a6 6. Bg5 Nbd7 7. f4 h6 8. Bxf6
Nxf6 9. e5 dxe5 10. fxe5 Nd5 11. e6 fxe6 12. Qh5+ Kd7 13. Nxe6 Kxe6 14. O-O-O
Nf6 15. Bc4+ Nd5 16. Bxd5+ Kd7 17. Be4+ 1-0

[Event "AUTO-OPEN-2149"]
[Site "http://www.queenalice.com/game.php?id=926519"]
[Date "2011.4.16"]
[Round "2"]
[White "holandes"]
[Black "carbec"]
[Result "0-1"]
[WhiteElo "1657"]
[BlackElo "2359"]

1. e4 c5 2. Nf3 d6 3. d4 cxd4 4. Nxd4 Nf6 5. Bd3 Nc6 6. c3 e5 7. Nb5 a6 8. N5a3
d5 9. Nc2 dxe4 10. Be2 Qxd1+ 11. Bxd1 Nd5 12. Nd2 f5 13. O-O Be6 14. Re1 Nf4 15.
Re3 Bc5 16. Rg3 Nd3 17. b4 Bxf2+ 0-1

[Event "AUTO-OPEN-2149"]
[Site "http://www.queenalice.com/game.php?id=926520"]
[Date "2011.4.16"]
[Round "2"]
[White "carbec"]
[Black "holandes"]
[Result "1-0"]
[WhiteElo "2360"]
[BlackElo "1774"]

1. e4 c5 2. Nf3 d6 3. d4 cxd4 4. Nxd4 Nf6 5. Nc3 g6 6. Be3 Bg7 7. f3 a6 8. Qd2
O-O 9. O-O-O Qc7 10. h4 Nh5 11. Nd5 Qd8 12. Ne2 Nc6 13. g4 Nf6 14. h5 Ne5 15.
Nd4 e6 16. Nxf6+ Bxf6 17. hxg6 fxg6 18. g5 Bg7 19. Qh2 Kf7 20. Be2 Rh8 21. f4
Nd7 22. Nxe6 Kxe6 23. f5+ Kf7 24. Bc4+ Kf8 25. f6 Nxf6 26. Rxd6 Nd7 27. Qf4+ 1-0

[Event "AUTO-OPEN-2149"]
[Site "http://www.queenalice.com/game.php?id=926527"]
[Date "2011.4.16"]
[Round "2"]
[White "FabioSelinger"]
[Black "carbec"]
[Result "0-1"]
[WhiteElo "2000"]
[BlackElo "2341"]

1. e4 c5 2. Nc3 d6 3. g3 Nc6 4. Bg2 g6 5. Nge2 Bg7 6. O-O Nf6 7. d3 O-O 8. h3
Bd7 9. f4 Nd4 10. g4 Bc6 11. Ng3 Nd7 12. Be3 b5 13. Qd2 b4 14. Nd1 Qa5 15. c3
Nb3 16. axb3 Qxa1 17. Nf2 bxc3 18. Rxa1 cxd2 19. Ra2 Rfb8 20. Bxd2 Rxb3 21. Nd1
Rxd3 22. b4 cxb4 23. Nf1 Bd4+ 24. Kh2 b3 25. Rb2 a5 26. Rb1 a4 27. Bb4 a3 28.
Bxa3 Rxa3 29. Nb2 Bxb2 30. Rxb2 Ra2 0-1

[Event "AUTO-OPEN-2149"]
[Site "http://www.queenalice.com/game.php?id=926528"]
[Date "2011.4.16"]
[Round "2"]
[White "carbec"]
[Black "FabioSelinger"]
[Result "1-0"]
[WhiteElo "2338"]
[BlackElo "1992"]

1. e4 e6 2. d4 d5 3. Nc3 Bb4 4. e5 c5 5. a3 Bxc3+ 6. bxc3 Qa5 7. Bd2 Qa4 8. Qg4
Ne7 9. Qxg7 Rg8 10. Qxh7 Nbc6 11. Nf3 Bd7 12. Ng5 O-O-O 13. Nxf7 Rdf8 14. Nd6+
Kb8 15. Bb5 Rh8 16. Qxh8 Rxh8 17. Bxa4 cxd4 18. Bg5 Nf5 19. Bxc6 Bxc6 20. Nxf5
exf5 21. cxd4 1-0

[Event "AUTO-OPEN-2149"]
[Site "http://www.queenalice.com/game.php?id=926533"]
[Date "2011.4.16"]
[Round "2"]
[White "carbec"]
[Black "mjKoviak"]
[Result "1-0"]
[WhiteElo "2358"]
[BlackElo "1840"]

1. e4 c5 2. Nf3 e6 3. d4 cxd4 4. Nxd4 Nc6 5. Nc3 Qc7 6. Be3 a6 7. Qd2 Nf6 8.
O-O-O Be7 9. Kb1 O-O 10. f4 b5 11. Bd3 b4 12. Na4 Bb7 13. Nb3 Na5 14. Bb6 Nxb3
15. axb3 Qb8 16. Rhe1 d6 17. Qxb4 Re8 18. Qa5 Bd8 19. e5 Nd5 20. Bxd8 Rxd8 21.
f5 Qc7 22. Qxc7 Nxc7 23. fxe6 Nxe6 24. exd6 Bxg2 25. Re3 Rxd6 26. Bxh7+ Kxh7 27.
Rxd6 g5 28. b4 Kg6 29. Nc5 Kf5 30. Nxe6 fxe6 31. Rexe6 Bd5 32. Rxa6 Rh8 33. Rh6
Re8 34. b3 Re2 35. Ra5 Ke4 36. c4 Bb7 37. Re6+ 1-0

[Event "AUTO-OPEN-2149"]
[Site "http://www.queenalice.com/game.php?id=926534"]
[Date "2011.4.16"]
[Round "2"]
[White "mjKoviak"]
[Black "carbec"]
[Result "0-1"]
[WhiteElo "1842"]
[BlackElo "2357"]

1. d4 Nf6 2. c4 e6 3. Nf3 d5 4. g3 dxc4 5. Bg2 a6 6. O-O Nc6 7. e3 Bd7 8. Qe2 b5
9. Rd1 Bd6 10. e4 e5 11. dxe5 Bxe5 12. Nc3 O-O 13. Nxe5 Nxe5 14. Bf4 Qe7 15. Nd5
Nxd5 16. exd5 Rae8 17. Re1 f6 18. Rad1 Bg4 19. f3 Nxf3+ 20. Bxf3 Qxe2 21. Bxe2
Bxe2 22. Rd2 Bd3 23. Rxe8 Rxe8 24. Bxc7 Kf7 25. d6 Ke6 26. Kf2 Kd7 27. b3 Re5
28. bxc4 bxc4 29. Rb2 c3 30. Rb7 c2 31. Bb8+ Kc8 32. Rc7+ Kxb8 33. Rc6 Rd5 34.
Ke3 Rxd6 0-1

[Event "Challenge"]
[Site "http://www.queenalice.com/game.php?id=937060"]
[Date "2011.5.11"]
[Round "-"]
[White "zegan13"]
[Black "carbec"]
[Result "0-1"]
[WhiteElo "2107"]
[BlackElo "2343"]

1. e4 c5 2. Nf3 d6 3. d4 cxd4 4. Nxd4 Nf6 5. Nc3 a6 6. Bg5 e6 7. f4 Qb6 8. Qd2
Qxb2 9. Rb1 Qa3 10. f5 Nc6 11. fxe6 fxe6 12. Nxc6 bxc6 13. e5 dxe5 14. Bxf6 gxf6
0-1

[Event "AUTO-OPEN-2150"]
[Site "http://www.queenalice.com/game.php?id=1008896"]
[Date "2011.11.15"]
[Round "2"]
[White "RobertD"]
[Black "carbec"]
[Result "0-1"]
[WhiteElo "1887"]
[BlackElo "2378"]

1. d4 Nf6 2. c4 e6 3. a3 d5 4. c5 b6 5. cxb6 axb6 6. Bg5 Bb4+ 7. Nc3 Bxc3+ 8.
bxc3 Ba6 9. g3 Nc6 10. Bg2 h6 11. Bxf6 Qxf6 12. Nf3 O-O 13. O-O Rfd8 14. Qc2 Na5
15. Rfe1 Nc4 16. e4 Bb7 17. e5 Qe7 18. a4 Qd7 19. Ra2 Ra5 20. Bf1 Rda8 21. Rea1
c5 22. Qb3 Bc6 23. Bxc4 dxc4 24. Qxb6 Qd5 0-1

[Event "AUTO-OPEN-2150"]
[Site "http://www.queenalice.com/game.php?id=1008897"]
[Date "2011.11.15"]
[Round "2"]
[White "carbec"]
[Black "RobertD"]
[Result "1-0"]
[WhiteElo "2377"]
[BlackElo "1889"]

1. e4 d6 2. d4 c6 3. Nc3 g6 4. f4 Nf6 5. Nf3 Bg4 6. h3 Bxf3 7. Qxf3 Nbd7 8. e5
dxe5 9. fxe5 Nh5 10. g4 Ng7 11. Bc4 e6 12. O-O Qb6 13. Qxf7+ Kd8 14. Bg5+ Kc7
15. Rad1 Re8 16. Bb3 Kc8 17. Bf6 Bb4 18. Bxg7 Rhg8 19. Bxe6 Qd8 20. Bf6 Be7 21.
Bxe7 Rxe7 22. Qxg8 1-0